Del ajedrez a la cortesía (Registro nro. 2007)
[ vista simple ]
| 000 -LEADER | |
|---|---|
| fixed length control field | 01207 a2200229 4500 |
| 001 - CONTROL NUMBER | |
| control field | 30080 |
| 005 - DATE AND TIME OF LATEST TRANSACTION | |
| control field | 20260407155611.0 |
| 008 - FIXED-LENGTH DATA ELEMENTS--GENERAL INFORMATION | |
| fixed length control field | 260407a2015 arg spa d |
| 003 - CONTROL NUMBER IDENTIFIER | |
| control field | AR-UNSa-BCEJYS |
| 040 ## - CATALOGING SOURCE | |
| Original cataloging agency | AR-UNSa-BCEJYS |
| Language of cataloging | spa |
| Transcribing agency | AR-UNSa-BCEJYS |
| 080 ## - UNIVERSAL DECIMAL CLASSIFICATION NUMBER | |
| Universal Decimal Classification number | 340.12 |
| Common auxiliary subdivision | Tendencias en la teoría del derecho. Escuelas, doctrinas jurídicas. Filosofía del derecho. Teorías sobre el Estado y el derecho<br/> |
| 020 ## - INTERNATIONAL STANDARD BOOK NUMBER | |
| International Standard Book Number | 978-987-745-010-1 |
| 041 ## - LANGUAGE CODE | |
| Language code of text/sound track or separate title | spa |
| 100 1# - MAIN ENTRY--PERSONAL NAME | |
| Personal name | Porto Macedo Junior, Ronaldo |
| 245 10 - TITLE STATEMENT | |
| Title | Del ajedrez a la cortesía |
| Name of part/section of a work | Dworkin y la teoría contemporánea del derecho |
| 264 #1 - PRODUCTION, PUBLICATION, DISTRIBUTION, MANUFACTURE, AND COPYRIGHT NOTICE | |
| Place of production, publication, distribution, manufacture | Buenos Aires : |
| Name of producer, publisher, distributor, manufacturer | AD-HOC |
| Date of production, publication, distribution, manufacture, or copyright notice | 2015 |
| 300 ## - PHYSICAL DESCRIPTION | |
| Extent | 335 p. |
| Dimensions | 23 cm. |
| 505 ## - FORMATTED CONTENTS NOTE | |
| Formatted contents note | 1. El derecho y la filosofía: una nueva agenda en el debate teórico-jurídico - 2. El giro metodológico y la teoría del derecho - 3. Rumbo a la herméneutica de las prácticas jurídicas: Weber y Hart - 4. El desafío del positivismo - 5. Dworkin y la teoría de la interpretación - 6. La nueva conceptografía de Dworkin |
| 590 ## - LOCAL NOTE (RLIN) | |
| Local note | niveau_biblio:m niveau_hierar:0 |
| 856 41 - ELECTRONIC LOCATION AND ACCESS | |
| Uniform Resource Identifier | <a href="https://biblioeco.unsa.edu.ar/pmb/images/libros/Teoria Contemporanea del Derecho-l125115.jpg">https://biblioeco.unsa.edu.ar/pmb/images/libros/Teoria Contemporanea del Derecho-l125115.jpg</a> |
| Link text | Imagen de portada |
| Electronic format type | image/jpeg |
| 942 ## - ADDED ENTRY ELEMENTS (KOHA) | |
| Koha item type | |
| Withdrawn status | Lost status | Damaged status | Not for loan | Home library | Current library | Shelving location | Date acquired | Total checkouts | Full call number | Barcode | Date last seen | Price effective from | Koha item type |
|---|---|---|---|---|---|---|---|---|---|---|---|---|---|
| Biblioteca Prof. Eusebio Cleto del Rey | Biblioteca Prof. Eusebio Cleto del Rey | 07/04/2026 | 340.12 P839 | L125115 | 07/04/2026 | 07/04/2026 | Libro |